| 000 | 00909nas a2200289 4500 | ||
|---|---|---|---|
| 001 | BR9100670 | ||
| 003 | BR-BrBNA | ||
| 005 | 20231205091924.0 | ||
| 007 | ta | ||
| 008 | 230509b bl.|||p| |||| 00| 00por d | ||
| 040 |
_aBR-BrBNA _bpor _cBiblioteca Nacional de Agricultura |
||
| 041 | _a(Pt) | ||
| 072 | _aQ55; Q54 | ||
| 100 | 1 | _aGomes, P.C. | |
| 100 | 1 | _aRostagno, H.S. | |
| 100 | 1 | _aPereira, J.A.A. | |
| 100 | 1 | _aTorres, R.A. | |
| 100 | 1 | _aLima, J.A. | |
| 245 | 1 |
_aEfeitos das fontes, disponibilidade e nivel de fosforo na racao de suinos na fese inicial (12 a 38 Kg) _bParte de tese |
|
| 650 | _aSUÍNO | ||
| 650 | _aFOSFORO | ||
| 650 | _aNUTRICAO ANIMAL | ||
| 650 | _aFOSFATO DE ROCHA | ||
| 773 | 0 |
_tRevista da Sociedade Brasileira de Zootecnia (Brazil) _xISSN 0100-4859 _g(May-Jun 1989), v. 18(3) p. 248-259 _wBR9100670 |
|
| 909 |
_a202311 _bLúcia _c55 _dLúcia Elande |
||
| 942 |
_2AGRIS _n0 _cANA |
||
| 999 |
_c128165 _d128165 |
||